| 000 | 00891cam a2200289 a 4500 | ||
|---|---|---|---|
| 001 | 000012362 | ||
| 003 | DO-SdBNP | ||
| 005 | 20250529115618.0 | ||
| 008 | 790615s1980 mx a b 000 0 spa | ||
| 020 | _a9682302323 | ||
| 040 |
_aDO-SdBNP _cspa _dBNPHU |
||
| 049 | _aBNGR | ||
| 082 |
_a306.43 _bB271e, 1980 |
||
| 100 | 1 |
_aBarreiro, Julio. _929044 |
|
| 245 | 1 | 0 |
_aEducación popular y proceso de concientización / _cJulio Barreiro. |
| 250 | _a7a ed. | ||
| 260 |
_aMéxico : _bSiglo Veintinuno, _c1980. |
||
| 300 |
_a161 p. : _bil. ; _c19 cm. |
||
| 490 | 1 | _aEducación | |
| 504 | _aBibliografía: [159]-161. | ||
| 650 | 4 |
_aSociología de la educación _zAmérica Latina _929045 |
|
| 650 | 0 |
_aClases sociales _zAmérica Latina _91062 |
|
| 650 | 4 |
_aEducación popular _zAmérica Latina _928933 |
|
| 830 | 0 |
_aEducación _910928 |
|
| 910 | _aCatalogación derivada | ||
| 942 |
_2ddc _cLBS1 |
||
| 999 |
_c12019 _d12019 |
||